[Event "2nd Torneo del Vino"]
[Site "Montilla ESP"]
[Date "1972.08.24"]
[Round "1"]
[White "Cafferty, Bernard"]
[Black "Hecht, Hans-Joachim"]
[Result "1/2-1/2"]
[WhiteElo "2370"]
[BlackElo "2485"]
[EventDate "1972.08.24"]
[PlyCount "82"]

1.e4 e5 2.Nf3 Nc6 3.Bc4 Bc5 4.c3 Qe7 5.d4 Bb6 6.O-O d6 7.Re1 Nf6 8.h3 h6 
9.Bb5 O-O 10.a4 a6 11.Bxc6 bxc6 12.dxe5 dxe5 13.a5 Bc5 14.Be3 Bd6 15.Nbd2 
Be6 16.Qc2 Nd7 17.Qa4 c5 18.Rad1 Rfb8 19.Nc4 Bxc4 20.Qxc4 Rxb2 21.Rb1 Rxb1
22.Rxb1 Qe6 23.Qxe6 fxe6 24.Nd2 Rb8 25.Rxb8+ Nxb8 26.Nc4 Kf7 27.Kf1 Ke7 
28.Ke2 Kd7 29.Kf3 Nc6 30.Kg4 Ke7 31.Kh5 Kf7 32.Bd2 Bf8 33.Be3 g6+ 34.Kg4 
h5+ 35.Kf3 Bd6 36.Ke2 Nd8 37.Kd3 Nb7 38.Kc2 Nd8 39.Kb3 Kf6 40.h4 Nc6 41.
Ka4 Kf7 1/2-1/2

[Event "2nd Torneo del Vino"]
[Site "Montilla ESP"]
[Date "1972.08.24"]
[Round "1"]
[White "Kurajica, Bojan"]
[Black "Damjanovic, Mato"]
[Result "1/2-1/2"]
[WhiteElo "2490"]
[BlackElo "2490"]
[EventDate "1972.08.24"]
[PlyCount "34"]

1.e4 d6 2.d4 g6 3.f4 Bg7 4.c3 Nf6 5.Bd3 c5 6.dxc5 dxc5 7.Nf3 Nc6 8.e5 Nd5 
9.Be4 e6 10.c4 Nde7 11.Qxd8+ Nxd8 12.O-O Bd7 13.Nc3 O-O 14.Be3 Rc8 15.Rad1
Be8 16.Rd2 f5 17.exf6 Bxf6 1/2-1/2

[Event "2nd Torneo del Vino"]
[Site "Montilla ESP"]
[Date "1972.08.24"]
[Round "1"]
[White "Medina Garcia, Antonio Angel"]
[Black "Palacios de la Prida, Ernesto"]
[Result "1-0"]
[WhiteElo "2380"]
[BlackElo "2330"]
[EventDate "1972.08.24"]
[PlyCount "65"]

1.e4 d6 2.Nc3 g6 3.g3 Bg7 4.Bg2 e5 5.d3 Nf6 6.f4 Bg4 7.Nf3 exf4 8.Bxf4 Nh5
9.Be3 Nc6 10.Qd2 Ne5 11.O-O O-O 12.Nxe5 dxe5 13.Rf2 Qd7 14.Raf1 b6 15.Bh6 
c6 16.Nd1 Rad8 17.b3 Bh3 18.Bxg7 Kxg7 19.Ne3 Bxg2 20.Kxg2 f6 21.h3 Kh8 22.
Kh2 Qe6 23.a4 Rf7 24.Rf3 Rdf8 25.Qf2 Ng7 26.g4 Qe7 27.g5 f5 28.Ng4 Qd6 29.
Nh6 Rd7 30.Kh1 f4 31.Qg2 Nh5 32.Qg4 Ng3+ 33.Qxg3 1-0

[Event "2nd Torneo del Vino"]
[Site "Montilla ESP"]
[Date "1972.08.24"]
[Round "1"]
[White "Pomar Salamanca, Arturo"]
[Black "Hartoch, Robert"]
[Result "1/2-1/2"]
[WhiteElo "2510"]
[BlackElo "2400"]
[EventDate "1972.08.24"]
[PlyCount "36"]

1.c4 Nf6 2.Nc3 d5 3.d4 g6 4.Nf3 Bg7 5.cxd5 Nxd5 6.Bd2 c5 7.Rc1 Nxc3 8.Bxc3
cxd4 9.Nxd4 O-O 10.e3 Qb6 11.Qb3 Qxb3 12.Nxb3 Nc6 13.Bxg7 Kxg7 14.Bb5 Be6 
15.Nc5 Bxa2 16.Bxc6 bxc6 17.b3 Rfb8 18.Rc3 a5 1/2-1/2

[Event "2nd Torneo del Vino"]
[Site "Montilla ESP"]
[Date "1972.08.24"]
[Round "1"]
[White "Rossolimo, Nicolas"]
[Black "O'Kelly de Galway, Alberic"]
[Result "0-1"]
[WhiteElo "2450"]
[BlackElo "2450"]
[EventDate "1972.08.24"]
[PlyCount "102"]

1.e4 c5 2.Nf3 e6 3.Nc3 Nc6 4.d4 cxd4 5.Nxd4 Qc7 6.Be3 a6 7.Be2 b5 8.Nxc6 
Qxc6 9.Bf3 Bb7 10.O-O Qc7 11.Qd4 Ne7 12.Qd2 Nc6 13.Be2 Ne5 14.f4 Nc4 15.
Bxc4 Qxc4 16.Rad1 Qc6 17.Rfe1 Bb4 18.Bd4 f6 19.a3 Be7 20.Re3 O-O 21.Qe2 
Rf7 22.Rh3 b4 23.axb4 Bxb4 24.Re1 Rc8 25.Qh5 g6 26.Rg3 Qd6 27.Qd1 e5 28.
fxe5 fxe5 29.Ba7 Qxd1 30.Rxd1 Bxc3 31.bxc3 Bxe4 32.Rd6 Rc6 33.Bb8 Rxd6 34.
Bxd6 Bc6 35.Bxe5 Re7 36.Re3 a5 37.Kf2 a4 38.g3 a3 39.c4 a2 40.Bf6 Rxe3 41.
Kxe3 Kf7 42.Bh8 Ke6 43.Kf4 h6 44.h4 Ba4 45.g4 Bxc2 46.Ke3 Bd1 47.Kf4 Bb3 
48.c5 Kd5 49.h5 g5+ 50.Kf5 Bc2+ 51.Kf6 a1=Q+ 0-1

[Event "2nd Torneo del Vino"]
[Site "Montilla ESP"]
[Date "1972.08.25"]
[Round "2"]
[White "Hecht, Hans-Joachim"]
[Black "Pomar Salamanca, Arturo"]
[Result "1-0"]
[WhiteElo "2485"]
[BlackElo "2510"]
[EventDate "1972.08.24"]
[PlyCount "65"]

1.b3 d5 2.Bb2 c5 3.e3 Nf6 4.Nf3 Nc6 5.Bb5 Bd7 6.O-O Qb6 7.c4 a6 8.Bxc6 
Bxc6 9.cxd5 Nxd5 10.Na3 e6 11.Nc4 Qc7 12.d4 Rd8 13.Qe2 cxd4 14.Bxd4 Bb4 
15.Qb2 b5 16.a3 Be7 17.Nce5 f6 18.Rfc1 fxe5 19.Nxe5 Rd6 20.Qc2 O-O 21.Nxc6
Bh4 22.Ne5 Qd8 23.Nf3 Rxf3 24.gxf3 Qg5+ 25.Kh1 e5 26.Qe4 Bxf2 27.Rc8+ Kf7 
28.Bxe5 Rd7 29.f4 Qh5 30.Qg2 Nxe3 31.Qxg7+ Ke6 32.Qf6+ Kd5 33.Qc6# 1-0

[Event "2nd Torneo del Vino"]
[Site "Montilla ESP"]
[Date "1972.08.25"]
[Round "2"]
[White "Medina Garcia, Antonio Angel"]
[Black "Kurajica, Bojan"]
[Result "1-0"]
[WhiteElo "2420"]
[BlackElo "2490"]
[EventDate "1972.08.24"]
[PlyCount "77"]

1.e4 c5 2.Nc3 Nc6 3.g3 g6 4.Bg2 Rb8 5.d3 Bg7 6.Be3 b5 7.Qd2 b4 8.Nd1 d6 9.
f4 e6 10.Nf3 Nge7 11.O-O O-O 12.g4 f5 13.gxf5 exf5 14.a3 fxe4 15.dxe4 Na5 
16.axb4 Nc4 17.Qd3 Nxe3 18.Nxe3 Rxb4 19.Rxa7 c4 20.Qa3 Nc6 21.Rxg7+ Kxg7 
22.Qc3+ Kg8 23.Nd5 Ra4 24.b3 Ra5 25.Qxc4 Rc5 26.Qd3 Qa5 27.Ng5 h6 28.b4 
Nxb4 29.Ne7+ Kg7 30.Qd4+ Re5 31.fxe5 Rxf1+ 32.Bxf1 dxe5 33.Qd6 hxg5 34.
Nxc8 Nxc2 35.Qe7+ Kh6 36.Qf8+ Kh7 37.Ne7 Qa7+ 38.Kh1 Qa2 39.Nd5 1-0

[Event "2nd Torneo del Vino"]
[Site "Montilla ESP"]
[Date "1972.08.25"]
[Round "2"]
[White "O'Kelly de Galway, Alberic"]
[Black "Cafferty, Bernard"]
[Result "1/2-1/2"]
[WhiteElo "2450"]
[BlackElo "2370"]
[EventDate "1972.08.24"]
[PlyCount "33"]

1.c4 Nf6 2.Nc3 e6 3.Nf3 Bb4 4.e3 b6 5.Be2 Bb7 6.O-O O-O 7.d3 Bxc3 8.bxc3 
d6 9.e4 Nbd7 10.Nd4 c5 11.Nc2 d5 12.exd5 exd5 13.Bg5 dxc4 14.dxc4 h6 15.
Bh4 Ne5 16.Qxd8 Raxd8 17.Bxf6 1/2-1/2

[Event "2nd Torneo del Vino"]
[Site "Montilla ESP"]
[Date "1972.08.25"]
[Round "2"]
[White "Palacios de la Prida, Ernesto"]
[Black "Hartoch, Robert"]
[Result "1/2-1/2"]
[WhiteElo "2340"]
[BlackElo "2400"]
[EventDate "1972.08.24"]
[PlyCount "27"]

1.e4 c5 2.c3 d5 3.exd5 Qxd5 4.d4 Nf6 5.dxc5 Qxc5 6.Be3 Qd5 7.Na3 Bd7 8.Nf3
e6 9.Nb5 Bxb5 10.Qxd5 Nxd5 11.Bxb5+ Nc6 12.Ne5 Nxe3 13.fxe3 Rc8 14.O-O-O 
1/2-1/2

[Event "2nd Torneo del Vino"]
[Site "Montilla ESP"]
[Date "1972.08.26"]
[Round "3"]
[White "Cafferty, Bernard"]
[Black "Damjanovic, Mato"]
[Result "1/2-1/2"]
[WhiteElo "2370"]
[BlackElo "2490"]
[EventDate "1972.08.24"]
[PlyCount "84"]

1.c4 g6 2.Nc3 Bg7 3.d4 c5 4.d5 d6 5.Nf3 Nf6 6.e4 O-O 7.Be2 e6 8.O-O exd5 
9.cxd5 Bg4 10.Bf4 Re8 11.Nd2 Bxe2 12.Qxe2 Nh5 13.Be3 Nd7 14.Kh1 a6 15.a4 
Bd4 16.Ra3 Ne5 17.Nf3 Nxf3 18.Qxf3 Qh4 19.g3 Qh3 20.Rd1 Be5 21.Rb3 Rab8 
22.Rb6 Nf6 23.Ne2 h5 24.Bf4 Nd7 25.Rxd6 Bxd6 26.Bxd6 Rbc8 27.Nc3 f5 28.
exf5 Qxf5 29.Qxf5 gxf5 30.Bf4 Kf7 31.d6 c4 32.Kg2 Rc6 33.Kf3 Rb6 34.Rd2 
Rb3 35.a5 Re1 36.Rd4 Rxb2 37.Rxc4 Rc2 38.Rc7 Ke6 39.Rc8 Nf6 40.Rc7 Nd7 41.
Na4 Ree2 42.Nc5+ Nxc5 1/2-1/2

[Event "2nd Torneo del Vino"]
[Site "Montilla ESP"]
[Date "1972.08.26"]
[Round "3"]
[White "Hartoch, Robert"]
[Black "Hecht, Hans-Joachim"]
[Result "0-1"]
[WhiteElo "2400"]
[BlackElo "2485"]
[EventDate "1972.08.24"]
[PlyCount "80"]

1.c4 e5 2.Nc3 Nf6 3.g3 Bb4 4.Nf3 Bxc3 5.dxc3 d6 6.Bg2 O-O 7.O-O h6 8.Ne1 
Nc6 9.Nc2 Ne7 10.Ne3 c6 11.b3 Qc7 12.Ba3 Rd8 13.Qc2 Ng4 14.Nxg4 Bxg4 15.
Rad1 Rd7 16.Rd2 Rad8 17.Rfd1 Be6 18.Rd3 a6 19.Qd2 c5 20.f4 f6 21.e4 b5 22.
f5 Bf7 23.cxb5 axb5 24.Qf2 c4 25.bxc4 Bxc4 26.R3d2 Nc6 27.Qe3 Na5 28.Bb4 
Bf7 29.Bf1 Nc4 30.Bxc4 Bxc4 31.h3 d5 32.Qc5 Qb7 33.exd5 Rxd5 34.Rxd5 Rxd5 
35.Rxd5 Bxd5 36.Qf2 Qf7 37.a3 Qh5 38.Kh2 Qd1 39.g4 h5 40.Kg3 Qc1 0-1

[Event "2nd Torneo del Vino"]
[Site "Montilla ESP"]
[Date "1972.08.26"]
[Round "3"]
[White "Kurajica, Bojan"]
[Black "Palacios de la Prida, Ernesto"]
[Result "0-1"]
[WhiteElo "2490"]
[BlackElo "2330"]
[EventDate "1972.08.24"]
[PlyCount "68"]

1.e4 e5 2.Nf3 Nc6 3.Bb5 g6 4.O-O Bg7 5.c3 Nge7 6.d4 O-O 7.d5 a6 8.Be2 Na7 
9.d6 cxd6 10.Qxd6 Nb5 11.Bxb5 axb5 12.Rd1 Ra6 13.Qb4 f5 14.exf5 Rxf5 15.
Na3 Rf4 16.Qxb5 Rg4 17.h3 Re4 18.Bg5 Bf6 19.Bxf6 Rxf6 20.Ng5 Ref4 21.Qxe5 
R4f5 22.Qg3 d5 23.Rd2 h6 24.Ne4 Re6 25.Nc5 Rc6 26.Nb3 Rg5 27.Qf3 Kg7 28.
Re1 Rf6 29.Qd3 Nc6 30.h4 Rh5 31.Qg3 g5 32.Red1 Rxh4 33.Rxd5 Qe7 34.f3 Qe3+
0-1

[Event "2nd Torneo del Vino"]
[Site "Montilla ESP"]
[Date "1972.08.26"]
[Round "3"]
[White "Pomar Salamanca, Arturo"]
[Black "O'Kelly de Galway, Alberic"]
[Result "1/2-1/2"]
[WhiteElo "2510"]
[BlackElo "2450"]
[EventDate "1972.08.24"]
[PlyCount "41"]

1.d4 Nf6 2.Nf3 d5 3.c4 e6 4.Nc3 Be7 5.Bg5 O-O 6.e3 Nbd7 7.Rc1 h6 8.Bh4 c6 
9.Bd3 dxc4 10.Bxc4 b5 11.Bd3 a6 12.O-O c5 13.Qe2 Bb7 14.Rfd1 Qb6 15.Ne5 
Rfe8 16.Bb1 cxd4 17.exd4 Nf8 18.Bxf6 Bxf6 19.Ne4 Bxe4 20.Qxe4 Bxe5 21.dxe5
1/2-1/2

[Event "2nd Torneo del Vino"]
[Site "Montilla ESP"]
[Date "1972.08.26"]
[Round "3"]
[White "Rossolimo, Nicolas"]
[Black "Medina Garcia, Antonio Angel"]
[Result "1/2-1/2"]
[WhiteElo "2450"]
[BlackElo "2420"]
[EventDate "1972.08.24"]
[PlyCount "89"]

1.Nf3 d5 2.b3 Nf6 3.Bb2 e6 4.e3 Be7 5.Be2 c5 6.O-O Nc6 7.d4 O-O 8.Nbd2 b6 
9.c4 Bb7 10.cxd5 exd5 11.Rc1 Rc8 12.dxc5 Bxc5 13.Bb5 Qe7 14.Bxc6 Rxc6 15.
Nd4 Bxd4 16.Bxd4 Rxc1 17.Qxc1 Rc8 18.Qb2 Ne8 19.Rc1 Qd7 20.h3 f6 21.Rxc8 
Qxc8 22.Qa3 Ba6 23.Nb1 Qb7 24.Nc3 Bd3 25.Qb4 Qd7 26.Qa3 Kf7 27.Qc1 Nc7 28.
Qd2 Ba6 29.Qd1 Qf5 30.a4 h6 31.Na2 Qd7 32.Nb4 Bc8 33.Na2 Ba6 34.Nc3 Qf5 
35.Qc1 Qd7 36.Qa3 Bd3 37.Qa1 Qc6 38.Qd1 Bf5 39.Qe2 Bc8 40.b4 Bf5 41.Qh5+ 
Bg6 42.Qe2 Bf5 43.b5 Qd6 44.Qa2 Bd3 45.a5 1/2-1/2

[Event "2nd Torneo del Vino"]
[Site "Montilla ESP"]
[Date "1972.08.27"]
[Round "4"]
[White "Damjanovic, Mato"]
[Black "Pomar Salamanca, Arturo"]
[Result "1/2-1/2"]
[WhiteElo "2490"]
[BlackElo "2510"]
[EventDate "1972.08.24"]
[PlyCount "52"]

1.b3 d5 2.Bb2 Nf6 3.Nf3 c5 4.e3 e6 5.d4 Nc6 6.Nbd2 Be7 7.Bd3 O-O 8.O-O b6 
9.Ne5 Bb7 10.Qe2 Nb4 11.f4 Rc8 12.Rfc1 Qd6 13.Ndf3 Rc7 14.a3 Nxd3 15.cxd3 
Rfc8 16.Qe1 h6 17.h3 Ba6 18.dxc5 Rxc5 19.Qd2 Nd7 20.b4 Rxc1+ 21.Rxc1 Rxc1+
22.Qxc1 Nxe5 23.Bxe5 Qd7 24.Bb2 Qc8 25.Qxc8+ Bxc8 26.Kf2 Kf8 1/2-1/2

[Event "2nd Torneo del Vino"]
[Site "Montilla ESP"]
[Date "1972.08.27"]
[Round "4"]
[White "Medina Garcia, Antonio Angel"]
[Black "Cafferty, Bernard"]
[Result "1/2-1/2"]
[WhiteElo "2380"]
[BlackElo "2370"]
[EventDate "1972.08.24"]
[PlyCount "146"]

1.e4 Nf6 2.d3 d5 3.Nd2 Nc6 4.Ngf3 g6 5.g3 dxe4 6.dxe4 Bg4 7.h3 Bxf3 8.Qxf3
Bg7 9.Bg2 O-O 10.O-O Nd7 11.Nb3 a5 12.a4 Nde5 13.Qe2 Nd4 14.Nxd4 Qxd4 15.
Rd1 Qc4 16.Bf1 Qxe2 17.Bxe2 Rfd8 18.Be3 Nd7 19.c3 Nb6 20.Bb5 h5 21.Kf1 Bf6
22.h4 e6 23.Ke2 Kg7 24.Rxd8 Rxd8 25.Rd1 Rxd1 26.Kxd1 Kf8 27.Kc2 Bd8 28.b3 
c6 29.Be2 Nd7 30.b4 Ke7 31.Bg5+ f6 32.Be3 Kd6 33.Bf4+ e5 34.Bd2 Bb6 35.Be1
Nf8 36.Bc4 Ne6 37.Kd3 Bd8 38.Bd2 Bb6 39.Ke2 axb4 40.cxb4 Nd4+ 41.Kf1 Nf3 
42.Bc1 Ke7 43.a5 Bc7 44.Ke2 Nd4+ 45.Kd3 Bd6 46.Bd2 Nb5 47.Bb3 Nd4 48.Bd1 
Nb5 49.g4 hxg4 50.Bxg4 Bb8 51.Be3 Bd6 52.Kc4 Kd8 53.Be6 Bc7 54.Bc5 Nd6+ 
55.Kd3 Ke8 56.f3 Kd8 57.Bh3 Nb5 58.Be6 Nd4 59.Bg4 f5 60.exf5 gxf5 61.h5 
fxg4 62.h6 Nxf3 63.Be3 Ke7 64.h7 e4+ 65.Kxe4 Be5 66.Kf5 Kf7 67.Kxg4 Nd4 
68.Bf4 Bg7 69.Be3 Ne6 70.Kf5 Bh8 71.Ke4 Kg6 72.Kd3 Kxh7 73.Kc4 Nc7 1/2-1/2

[Event "2nd Torneo del Vino"]
[Site "Montilla ESP"]
[Date "1972.08.27"]
[Round "4"]
[White "O'Kelly de Galway, Alberic"]
[Black "Hartoch, Robert"]
[Result "1-0"]
[WhiteElo "2450"]
[BlackElo "2400"]
[EventDate "1972.08.24"]
[PlyCount "105"]

1.Nf3 g6 2.c4 Bg7 3.Nc3 c5 4.e3 Nf6 5.d4 O-O 6.Be2 d5 7.O-O dxc4 8.Bxc4 
Nbd7 9.Re1 a6 10.a4 Qc7 11.Qe2 b6 12.d5 Nh5 13.e4 Ne5 14.Nxe5 Bxe5 15.g3 
e6 16.Be3 Ng7 17.f4 Bxc3 18.bxc3 exd5 19.Bxd5 Bb7 20.c4 Rfe8 21.Qc2 Ne6 
22.Qc3 Nd8 23.a5 b5 24.cxb5 Bxd5 25.exd5 Nb7 26.b6 Qd7 27.Rad1 Qa4 28.Bd2 
Re4 29.Rxe4 Qxe4 30.Bc1 Rf8 31.Bb2 f6 32.d6 Qa4 33.Rd2 Rf7 34.d7 Nd8 35.b7
Qb5 36.Qf3 Kg7 37.Bc3 Qb1+ 38.Rd1 Qb5 39.Qe4 Nxb7 40.Qxb7 Qxb7 41.d8=Q Qc6
42.Qd3 c4 43.Qd4 h5 44.Re1 h4 45.gxh4 Qb5 46.Kf2 Qf5 47.Re3 Qg4 48.Qe4 
Qxh4+ 49.Kg2 Qh5 50.Rg3 Rd7 51.f5 g5 52.Bxf6+ Kh7 53.Bxg5 1-0

[Event "2nd Torneo del Vino"]
[Site "Montilla ESP"]
[Date "1972.08.27"]
[Round "4"]
[White "Palacios de la Prida, Ernesto"]
[Black "Hecht, Hans-Joachim"]
[Result "0-1"]
[WhiteElo "2340"]
[BlackElo "2485"]
[EventDate "1972.08.24"]
[PlyCount "78"]

1.e4 Nf6 2.d3 d5 3.Nd2 e5 4.c3 a5 5.Ngf3 Nc6 6.Be2 Bc5 7.O-O O-O 8.Nxe5 
Nxe5 9.d4 Ng6 10.dxc5 dxe4 11.Nc4 Qe7 12.b4 Rd8 13.Qc2 axb4 14.cxb4 Nd5 
15.Rd1 Be6 16.Bb2 f5 17.a3 Ndf4 18.Bf1 Qg5 19.Qc3 Qxg2+ 20.Bxg2 Ne2+ 21.
Kh1 Nxc3 22.Bxc3 Bxc4 23.Rdc1 Bb5 24.Bh3 Rd5 25.a4 Be2 26.Bf1 Nf4 27.Bxe2 
Nxe2 28.Rc2 Rxa4 29.Rxe2 Rxa1+ 30.Bxa1 Rd1+ 31.Kg2 Rxa1 32.Rd2 Rb1 33.Rd7 
Rxb4 34.Rxc7 Rb3 35.h4 h5 36.Kf1 Kh7 37.Ke2 Kg6 38.Kd2 f4 39.Re7 Rb2+ 0-1

[Event "2nd Torneo del Vino"]
[Site "Montilla ESP"]
[Date "1972.08.28"]
[Round "5"]
[White "Cafferty, Bernard"]
[Black "Kurajica, Bojan"]
[Result "0-1"]
[WhiteElo "2370"]
[BlackElo "2455"]
[EventDate "1972.08.24"]
[PlyCount "80"]

1.e4 c5 2.Nf3 Nc6 3.Bb5 e6 4.O-O Nge7 5.Re1 a6 6.Bxc6 Nxc6 7.Nc3 d6 8.d4 
cxd4 9.Nxd4 Be7 10.Be3 O-O 11.Qe2 Qc7 12.Qc4 Bd7 13.Nd5 exd5 14.exd5 Bf6 
15.dxc6 bxc6 16.c3 c5 17.Bf4 Qb6 18.Nb3 Be6 19.Qe2 a5 20.Rad1 d5 21.Nc1 
Rfd8 22.Rd2 d4 23.cxd4 Rxd4 24.Rxd4 cxd4 25.Nd3 Qb5 26.b3 Rc8 27.Rc1 Rc3 
28.Rxc3 dxc3 29.Kf1 a4 30.Nc1 Qf5 31.Be3 axb3 32.axb3 Qb1 33.Qb5 h6 34.Ke2
Qe4 35.g3 Bg4+ 36.Ke1 Bg5 37.Qd3 Qh1+ 38.Qf1 Qf3 39.Qe2 Bxe3 40.Qxf3 Bd2+ 
0-1

[Event "2nd Torneo del Vino"]
[Site "Montilla ESP"]
[Date "1972.08.28"]
[Round "5"]
[White "Hartoch, Robert"]
[Black "Damjanovic, Mato"]
[Result "0-1"]
[WhiteElo "2400"]
[BlackElo "2490"]
[EventDate "1972.08.24"]
[PlyCount "80"]

1.Nf3 Nf6 2.g3 b5 3.Bg2 Bb7 4.d4 e6 5.O-O c5 6.c3 Be7 7.Bf4 d5 8.dxc5 Bxc5
9.Nbd2 O-O 10.Nb3 Nbd7 11.a4 bxa4 12.Rxa4 Bb6 13.Bd6 Re8 14.Nfd4 e5 15.Nf5
Bc6 16.Ra1 g6 17.Nh4 a5 18.c4 Re6 19.Ba3 dxc4 20.Nd2 Bxg2 21.Nxg2 Rc8 22.
Rc1 Rec6 23.Qa4 c3 24.Rxc3 Rxc3 25.bxc3 Rxc3 26.Nc4 Qc7 27.Nge3 Bxe3 28.
Nxe3 Nc5 29.Qh4 Nce4 30.Bb2 Rb3 31.Ba1 Qc5 32.Rd1 Rxe3 33.fxe3 Qxe3+ 34.
Kh1 Nf2+ 35.Kg2 Nxd1 36.Qxf6 Qxe2+ 37.Kg1 Qe1+ 38.Qf1 Qe3+ 39.Kg2 Qe4+ 40.
Qf3 Ne3+ 0-1

[Event "2nd Torneo del Vino"]
[Site "Montilla ESP"]
[Date "1972.08.28"]
[Round "5"]
[White "Hecht, Hans-Joachim"]
[Black "O'Kelly de Galway, Alberic"]
[Result "1/2-1/2"]
[WhiteElo "2485"]
[BlackElo "2450"]
[EventDate "1972.08.24"]
[PlyCount "49"]

1.e4 e5 2.Nf3 Nc6 3.Bb5 a6 4.Ba4 Nf6 5.O-O Be7 6.Re1 b5 7.Bb3 d6 8.c3 O-O 
9.h3 Na5 10.Bc2 c5 11.d3 Nc6 12.Nbd2 Re8 13.Nf1 h6 14.a4 Be6 15.Ne3 Bf8 
16.Bb3 Qd7 17.Bxe6 Qxe6 18.Nh2 Ne7 19.Nhg4 Nd7 20.f3 Nb6 21.axb5 axb5 22.
Rxa8 Rxa8 23.d4 h5 24.Nf2 g6 25.dxc5 1/2-1/2

[Event "2nd Torneo del Vino"]
[Site "Montilla ESP"]
[Date "1972.08.28"]
[Round "5"]
[White "Pomar Salamanca, Arturo"]
[Black "Medina Garcia, Antonio Angel"]
[Result "1/2-1/2"]
[WhiteElo "2510"]
[BlackElo "2420"]
[EventDate "1972.08.24"]
[PlyCount "60"]

1.c4 e6 2.Nc3 Nf6 3.Nf3 d5 4.e3 Be7 5.b3 O-O 6.Bb2 c5 7.d4 b6 8.Be2 Bb7 9.
O-O Nbd7 10.Rc1 Rc8 11.cxd5 Nxd5 12.Qd2 N7f6 13.Rfd1 Nxc3 14.Qxc3 cxd4 15.
Qxd4 Qxd4 16.Nxd4 Rfd8 17.Bc4 a6 18.a4 Rd7 19.Nf3 Rxd1+ 20.Rxd1 Rd8 21.
Rxd8+ Bxd8 22.Kf1 Kf8 23.Ne5 Ke8 24.f3 g6 25.Ke2 Nd7 26.Nd3 Bc7 27.h3 Bd6 
28.e4 e5 29.Bc3 Ke7 30.g4 g5 1/2-1/2

[Event "2nd Torneo del Vino"]
[Site "Montilla ESP"]
[Date "1972.08.29"]
[Round "6"]
[White "Damjanovic, Mato"]
[Black "Hecht, Hans-Joachim"]
[Result "1/2-1/2"]
[WhiteElo "2490"]
[BlackElo "2485"]
[EventDate "1972.08.24"]
[PlyCount "49"]

1.b3 e5 2.Bb2 Nc6 3.c4 d6 4.Nf3 f5 5.g3 Nf6 6.Bg2 g6 7.Na3 Bg7 8.Nc2 O-O 
9.d4 e4 10.Nd2 d5 11.O-O Be6 12.e3 Qd7 13.Qe2 Nd8 14.f4 exf3 15.Nxf3 Nf7 
16.Nb4 c6 17.Nd3 Ne4 18.Nfe5 Nxe5 19.Nxe5 Qc7 20.cxd5 Bxd5 21.g4 Qe7 22.
gxf5 Rxf5 23.Rxf5 gxf5 24.Qh5 Rf8 25.Rf1 1/2-1/2

[Event "2nd Torneo del Vino"]
[Site "Montilla ESP"]
[Date "1972.08.29"]
[Round "6"]
[White "Kurajica, Bojan"]
[Black "Pomar Salamanca, Arturo"]
[Result "1-0"]
[WhiteElo "2490"]
[BlackElo "2510"]
[EventDate "1972.08.24"]
[PlyCount "63"]

1.e4 c6 2.d3 d5 3.Nd2 g6 4.f4 Bg7 5.Ngf3 dxe4 6.dxe4 Nf6 7.Bd3 Bg4 8.h3 
Bxf3 9.Qxf3 O-O 10.g4 Na6 11.c3 Nc5 12.Bc2 Qb6 13.h4 Rad8 14.h5 Qb5 15.
hxg6 fxg6 16.a4 Qa6 17.Rh3 Nfd7 18.Qe3 Ne5 19.Qxc5 Rxf4 20.Nc4 Nf3+ 21.
Rxf3 Rxf3 22.Bb3 Kh8 23.Be3 b6 24.Qxe7 Rxe3+ 25.Nxe3 Qd3 26.Nf1 Rf8 27.Bf7
Qf3 28.Bc4 Bxc3+ 29.bxc3 Qxc3+ 30.Nd2 Qxa1+ 31.Ke2 Qf1+ 32.Nxf1 1-0

[Event "2nd Torneo del Vino"]
[Site "Montilla ESP"]
[Date "1972.08.29"]
[Round "6"]
[White "Medina Garcia, Antonio Angel"]
[Black "Hartoch, Robert"]
[Result "1/2-1/2"]
[WhiteElo "2420"]
[BlackElo "2400"]
[EventDate "1972.08.24"]
[PlyCount "56"]

1.e4 c5 2.Nc3 e6 3.g3 Nf6 4.Bg2 d5 5.exd5 exd5 6.d3 d4 7.Ne4 Nxe4 8.dxe4 
Nc6 9.Ne2 Be7 10.O-O O-O 11.Nf4 b6 12.Re1 Bb7 13.e5 Rb8 14.Bd2 Qe8 15.Nd5 
Qd7 16.Qh5 Nd8 17.Be4 g6 18.Nxe7+ Qxe7 19.Qh6 Ne6 20.Bxb7 Rxb7 21.Qh3 Rc8 
22.Bh6 Qd7 23.Qg2 Rbc7 24.f4 Qc6 25.Rad1 Qxg2+ 26.Kxg2 Rd7 27.a4 Nd8 28.
Bg5 Ne6 1/2-1/2

[Event "2nd Torneo del Vino"]
[Site "Montilla ESP"]
[Date "1972.08.29"]
[Round "6"]
[White "Palacios de la Prida, Ernesto"]
[Black "O'Kelly de Galway, Alberic"]
[Result "0-1"]
[WhiteElo "2340"]
[BlackElo "2450"]
[EventDate "1972.08.24"]
[PlyCount "46"]

1.f4 d5 2.Nf3 g6 3.g3 Bg7 4.Bg2 c5 5.O-O Nc6 6.d3 Bg4 7.h3 Bxf3 8.Bxf3 Qd7
9.Bg2 e6 10.c3 Nge7 11.Qe1 d4 12.Rf3 dxc3 13.bxc3 Nd4 14.cxd4 Qxd4+ 15.Be3
Qxa1 16.Bxc5 Bd4+ 17.Bxd4 Qxd4+ 18.Kh2 Rc8 19.e3 Qa4 20.Rf2 O-O 21.Qd2 Nd5
22.f5 Qb4 23.fxe6 fxe6 0-1

[Event "2nd Torneo del Vino"]
[Site "Montilla ESP"]
[Date "1972.08.30"]
[Round "7"]
[White "Cafferty, Bernard"]
[Black "Palacios de la Prida, Ernesto"]
[Result "1/2-1/2"]
[WhiteElo "2370"]
[BlackElo "2330"]
[EventDate "1972.08.24"]
[PlyCount "71"]

1.c4 d6 2.Nc3 g6 3.d4 Bg7 4.Nf3 Nc6 5.d5 Ne5 6.Nxe5 dxe5 7.e4 Nh6 8.Be2 f5
9.f3 f4 10.Bd2 e6 11.Qb3 Qh4+ 12.Kf1 O-O 13.Be1 Qe7 14.Rd1 exd5 15.cxd5 
Nf7 16.Rc1 a6 17.Na4 Nd6 18.Bb4 Rf7 19.Ba3 Kh8 20.h4 Bf8 21.Nc5 Rg7 22.Nd3
Qf6 23.Bb4 Re7 24.a4 g5 25.h5 h6 26.Qa2 g4 27.Rc2 Qg5 28.Nf2 gxf3 29.Bxf3 
Bd7 30.b3 Rf7 31.Ba3 b5 32.a5 b4 33.Bb2 Nb5 34.Qa1 Bd6 35.Nd3 Re8 36.Qe1 
1/2-1/2

[Event "2nd Torneo del Vino"]
[Site "Montilla ESP"]
[Date "1972.08.30"]
[Round "7"]
[White "Hartoch, Robert"]
[Black "Kurajica, Bojan"]
[Result "1/2-1/2"]
[WhiteElo "2400"]
[BlackElo "2490"]
[EventDate "1972.08.24"]
[PlyCount "31"]

1.Nf3 d5 2.b3 Nf6 3.Bb2 e6 4.g3 Be7 5.Bg2 O-O 6.O-O c5 7.d4 cxd4 8.Nxd4 e5
9.Nf3 e4 10.Nd4 e3 11.Nc3 exf2+ 12.Kh1 Nc6 13.e4 Bg4 14.Nxc6 bxc6 15.Qd4 
c5 16.Qxf2 1/2-1/2

[Event "2nd Torneo del Vino"]
[Site "Montilla ESP"]
[Date "1972.08.30"]
[Round "7"]
[White "Hecht, Hans-Joachim"]
[Black "Medina Garcia, Antonio Angel"]
[Result "0-1"]
[WhiteElo "2485"]
[BlackElo "2420"]
[EventDate "1972.08.24"]
[PlyCount "62"]

1.e4 e5 2.Nf3 Nc6 3.Bb5 a6 4.Bxc6 dxc6 5.O-O f6 6.d4 exd4 7.Nxd4 c5 8.Ne2 
Qxd1 9.Rxd1 Bd7 10.Nbc3 O-O-O 11.Bf4 Ne7 12.Bg3 g5 13.h4 h6 14.f4 Bg7 15.
f5 b6 16.Rd3 Bc6 17.Rad1 Rhe8 18.Bh2 b5 19.Ng3 c4 20.R3d2 h5 21.e5 gxh4 
22.Nge4 Nxf5 23.Nxf6 Re6 24.Bf4 h3 25.g3 Nh6 26.Ne2 Bxf6 27.exf6 Ng4 28.
Nd4 Rxf6 29.c3 Re8 30.Bg5 Rg6 31.Nxc6 Rxc6 0-1

[Event "2nd Torneo del Vino"]
[Site "Montilla ESP"]
[Date "1972.08.30"]
[Round "7"]
[White "O'Kelly de Galway, Alberic"]
[Black "Damjanovic, Mato"]
[Result "1/2-1/2"]
[WhiteElo "2450"]
[BlackElo "2490"]
[EventDate "1972.08.24"]
[PlyCount "32"]

1.d4 Nf6 2.c4 c6 3.d5 b5 4.Nf3 d6 5.cxb5 a6 6.bxa6 Bxa6 7.Nc3 g6 8.Nd2 Bg7
9.e4 Bxf1 10.Nxf1 Qa5 11.Nd2 Nbd7 12.O-O O-O 13.Nc4 Qa6 14.Qe2 Rfb8 15.Re1
Rb4 16.Na3 Ne8 1/2-1/2

[Event "2nd Torneo del Vino"]
[Site "Montilla ESP"]
[Date "1972.08.31"]
[Round "8"]
[White "Cafferty, Bernard"]
[Black "Pomar Salamanca, Arturo"]
[Result "1/2-1/2"]
[WhiteElo "2370"]
[BlackElo "2510"]
[EventDate "1972.08.24"]
[PlyCount "22"]

1.g3 c5 2.Bg2 Nc6 3.Nf3 d5 4.c4 e6 5.cxd5 exd5 6.d4 Nf6 7.Nc3 Be6 8.O-O 
Be7 9.dxc5 Bxc5 10.Na4 Be7 11.Be3 Ne4 1/2-1/2

[Event "2nd Torneo del Vino"]
[Site "Montilla ESP"]
[Date "1972.08.31"]
[Round "8"]
[White "Kurajica, Bojan"]
[Black "Hecht, Hans-Joachim"]
[Result "0-1"]
[WhiteElo "2490"]
[BlackElo "2485"]
[EventDate "1972.08.24"]
[PlyCount "68"]

1.e4 Nf6 2.e5 Nd5 3.d4 d6 4.c4 Nb6 5.exd6 cxd6 6.Nc3 g6 7.Be3 Bg7 8.h4 h5 
9.Qb3 Nc6 10.O-O-O O-O 11.Be2 e5 12.dxe5 Nxe5 13.Qb4 Be6 14.Rxd6 Qc8 15.c5
Nbc4 16.Nd5 Bxd5 17.Rxd5 Nxe3 18.fxe3 Qe6 19.Qb3 Rac8 20.Kb1 Nd7 21.Rd2 
Qe4+ 22.Bd3 Qxe3 23.Re2 Qxc5 24.Nf3 Rc6 25.Qxb7 Rc7 26.Qb5 Qd6 27.Rhe1 Nc5
28.Bc4 Rb7 29.Qa5 Nd3 30.Bxd3 Qxd3+ 31.Ka1 Rfb8 32.Re8+ Rxe8 33.Rxe8+ Kh7 
34.Ng5+ Kh6 0-1